000 00977 a2200253 4500
003 3228
005 20260415130412.0
008 220513b sa ||||| |||| 00| 0 eng d
020 _a9781868429127
040 _aRDA
_bEnglish
_c3228
041 _aEnglish
082 _a J 796.358092 DANI
100 _aJeremy, Daniel.
245 _aHashim Amla: Road to glory
_cJeremy, Daniel.
_bHard cover
260 _aCape Town. South Africa
_bJonathan Ball Publishers,
_c2018.
300 _a136 pages.
_billustrations ;
_c20 centimetre
490 _aRoad to glory ; 4 Road to glory (Jonathan Ball Publishers) ; 4.
500 _aAlso available in Afrikaans under title: Hashim Amla.
504 _aIncludes bibliographical references (pages 128-129).
650 _2 Hashim Amla: Road to Glory
_aCricket players.
_v Biographies.
_zSouth Africa.
_9131462
650 _aAmla, Hashim,
_x Legends Sports South Africa.
_y 1983
_9131463
942 _y416
_zYoliswa Sabana
942 _2ddc
_cBK
999 _c630439
_d630438